Symplectic techniques in physics / (Record no. 30221)

000 -LEADER
fixed length control field 00595 a2200169 4500
020 ## - INTERNATIONAL STANDARD BOOK NUMBER
International Standard Book Number 0521389909
020 ## - INTERNATIONAL STANDARD BOOK NUMBER
International Standard Book Number 9780521389907
082 ## - DEWEY DECIMAL CLASSIFICATION NUMBER
Classification number 530.156356
090 ## - LOCALLY ASSIGNED LC-TYPE CALL NUMBER (OCLC); LOCAL CALL NUMBER (RLIN)
-- 1612
-- 1612
100 1# - MAIN ENTRY--PERSONAL NAME
Personal name Guillemin, Victor.
245 10 - TITLE STATEMENT
Title Symplectic techniques in physics /
Statement of responsibility, etc. Victor Guillemin, Shlomo Sternberg.
260 ## - PUBLICATION, DISTRIBUTION, ETC.
Place of publication, distribution, etc. [S.l.] :
Name of publisher, distributor, etc. Cambridge University Press,
Date of publication, distribution, etc. 1990.
300 ## - PHYSICAL DESCRIPTION
Extent 484 p. ;
Dimensions 23 cm.
700 1# - ADDED ENTRY--PERSONAL NAME
Personal name Sternberg, Shlomo.
942 ## - ADDED ENTRY ELEMENTS (KOHA)
Institution code [OBSOLETE] SNS
Koha item type Book
Call number prefix 530.156356 GUI
Holdings
Withdrawn status Lost status Damaged status Not for loan Permanent Location Current Location Date acquired Total Checkouts Full call number Barcode Date last seen Price effective from Koha item type Source of classification or shelving scheme Shelving location
        School of Natural Sciences (SNS) School of Natural Sciences (SNS) 05/26/2016   530.156356 GUI SNS0001708 05/26/2016 05/26/2016 Book    
        School of Natural Sciences (SNS) School of Natural Sciences (SNS)     530.156356 GUI SNS0003170 02/29/2024 10/21/2020 Book   General Stacks
© 2023 Central Library, National University of Sciences and Technology. All Rights Reserved.